Central Library OPAC University of Rajshahi

Microbial biotechnology : (Record no. 65809)

MARC details
000 -LEADER
fixed length control field 00715nam a22002417a 4500
001 - CONTROL NUMBER
control field 65809
003 - CONTROL NUMBER IDENTIFIER
rucl marc code BD-RjUL
005 - DATE AND TIME OF LATEST TRANSACTION
control field 20211209081451.0
008 - FIXED-LENGTH DATA ELEMENTS--GENERAL INFORMATION
fixed length control field 170312r20042003enka|||| |||| 001 0 eng d
020 ## - INTERNATIONAL STANDARD BOOK NUMBER
International Standard Book Number 9812383220 :
035 ## - SYSTEM CONTROL NUMBER
System control number (BD-RjUL)65939
040 ## - CATALOGING SOURCE
Original cataloging agency BD-RjUL
Language of cataloging eng
Transcribing agency BD-RjUL
Modifying agency BD-RjUL
041 ## - LANGUAGE CODE
Language code of text/sound track or separate title eng
082 ## - DEWEY DECIMAL CLASSIFICATION NUMBER
Edition number 23
Classification number 660.62
Author mark and year MIC 2004
245 ## - TITLE STATEMENT
Title Microbial biotechnology :
Remainder of title principles and applications /
Statement of responsibility, etc. Yuan Kun Lee
260 ## - PUBLICATION, DISTRIBUTION, ETC. (IMPRINT)
Place of publication, distribution, etc. London :
Name of publisher, distributor, etc. World Scientific,
Date of publication, distribution, etc. 2003 [Reprinted 2004].
300 ## - PHYSICAL DESCRIPTION
Pagination xiii, 724 p. :
Illustrations ill. ;
Size 24 cm.
500 ## - GENERAL NOTE
General note Include index.
650 ## - SUBJECT ADDED ENTRY--TOPICAL TERM
Topical term or geographic name as entry element Biotechnology.
9 (RLIN) 194605
Topical term or geographic name as entry element microbiology
9 (RLIN) 196580
700 ## - ADDED ENTRY--PERSONAL NAME
Personal name Lee, Yuan Kun
942 ## - ADDED ENTRY ELEMENTS (KOHA)
Source of classification or shelving scheme Dewey Decimal Classification
Koha item type Books
Holdings
Lost status Source of classification or shelving scheme Damaged status Not for loan Collection code Permanent Location Current Location Shelving location Date acquired Source of acquisition Cost, normal purchase price Total Checkouts Full call number Date last seen Copy number Koha item type
  Dewey Decimal Classification   Not For Loan Non-fiction Central Library, University of Rajshahi Central Library, University of Rajshahi Reading Room 19/04/2009 Paragon enterprises ltd. Dhaka 88.00   660.62 MIC 2004 12/03/2017 C-1 Books